| 000 | 01628nam2a22003011 4500 | ||
|---|---|---|---|
| 001 | v19\rc\1578371 | ||
| 005 | 20250618210856.0 | ||
| 035 | _a(NLR Aleph) 004705822 | ||
| 090 |
_a4131416 _c4131416 |
||
| 100 | _a20061002d1901 |||y0rusy50 ca | ||
| 101 | 0 | _arus | |
| 102 | _aRU | ||
| 105 | _ay z ||||| | ||
| 200 | 1 | _aОбыкновенному годичному общему собранию г.г. акционеров Общества Средних торговых рядов на 11 марта 1901 г. | |
| 210 |
_dценз. 1901 _aБ. м. |
||
| 215 | _a5, 5 с. | ||
| 461 | 0 |
_1001v19\rc\1578361 _12001#$aДоклад Правления... Общества Средних торговых рядов между улицами Ильинкой и Варваркой в Москве$v№ 46-49 _94131284 _aОбщество Средних торговых рядов (Москва) _cМосква _dц1893-ц1901-1901 _tДоклад Правления... Общества Средних торговых рядов между улицами Ильинкой и Варваркой в Москве _v№ 46-49 |
|
| 532 | 1 | 2 | _aОбыкновенному годичному общему собранию господ акционеров Общества Средних торговых рядов на 11 марта 1901 г. |
| 801 | 0 |
_aRU _bNLR _gpsbo |
|
| 801 | 0 |
_aRU _bRuMoRGB _2psbo |
|
| 801 | 1 |
_aRU _bProSoft-M _2rusmarc |
|
| 852 |
_aNLR _j18.332.2.298 |
||
| 852 |
_aNLR _j18.332.2.299 |
||
| 852 |
_aNLR _j18.332.2.301 |
||
| 852 |
_aNLR _j18.332.2.300 |
||
| 899 |
_aRuMoRGB (1893-1901*) _jA 231/317 |
||
| 942 | _cBOOK | ||
| 980 | _aNB | ||